Movies Quiz

Random Movies or Oscar Quiz

Three at a Time: Best Pictures Quiz Stats

 Plays Quiz Updated Mar 1, 2021

Support Sporcle.
Go Orange.
Score 0/31 Timer 07:00
0 Plays Today
Show Films % Correct
88-90Spotlight, Moonlight, The Shape of Water
80%
70-72Titanic, Shakespeare in Love, American Beauty
79%
91-93Green Book, Parasite, Nomadland
74.3%
43-45Patton, The French Connection, The Godfather
74.1%
46-48The Sting, The Godfather: Part II, One Flew Over the Cuckoo's Nest
73.8%
67-69Forrest Gump, Braveheart, The English Patient
73.2%
10-12The Life of Emile Zola, You Can't Take it With You, Gone With the Wind
72%
76-78LOTR: The Return of the King, Million Dollar Baby, Crash
72%
85-87Argo, 12 Years a Slave, Birdman
71.6%
82-84The Hurt Locker, The King's Speech, The Artist
70.3%
73-75Gladiator, A Beautiful Mind, Chicago
70.3%
64-66The Silence of the Lambs, Unforgiven, Schindler's List
68.3%
49-51Rocky, Annie Hall, The Deer Hunter
67.2%
1-3Wings, The Broadway Melody, All Quiet on the Western Front
66.9%
52-54Kramer vs. Kramer, Ordinary People, Chariots of Fire
66.6%
61-63Rain Man, Driving Miss Daisy, Dances With Wolves
63.8%
Show Films % Correct
79-81The Departed, No Country for Old Men, Slumdog Millionaire
62.7%
55-57Gandhi, Terms of Endearment, Amadeus
62.2%
58-60Out of Africa, Platoon, The Last Emperor
61.5%
16-18Casablanca, Going My Way, The Lost Weekend
58.5%
37-39My Fair Lady, The Sound of Music, A Man For All Seasons
56.2%
31-33Gigi, Ben-Hur, The Apartment
54.7%
40-42In the Heat of the Night, Oliver!, Midnight Cowboy
52.9%
34-36West Side Story, Lawrence of Arabia, Tom Jones
50.4%
13-15Rebecca, How Green Was My Valley, Mrs. Miniver
47.3%
28-30Marty, Around the World in 80 Days, The Bridge on the River Kwai
47.3%
25-27The Greatest Show on Earth, From Here to Eternity, On the Waterfront
46.5%
7-9It Happened One Night, Mutiny on the Bounty, The Great Ziegfeld
46.3%
4-6Cimarron, Grand Hotel, Cavalcade
44.4%
19-21The Best Years of Our Lives, Gentleman's Agreement, Hamlet
42.5%
22-24All the King's Men, All About Eve, An American in Paris
39.2%

You're not logged in!

Compare scores with friends on all Sporcle quizzes.
OR
Log In

From the Vault

Microstate Profiles

by lukebradford

They're not micro, they're just area-deficient.
Remove Ads.
Support Sporcle.
Get the best of Sporcle when you Go Orange. This ad-free experience offers more features, more stats, and more fun while also helping to support Sporcle. Thank you for becoming a member.

Show Comments

Extras

Top Quizzes Today


Score Distribution

Your Account Isn't Verified!

In order to create a playlist on Sporcle, you need to verify the email address you used during registration. Go to your Sporcle Settings to finish the process.

Report this User

Report this user for behavior that violates our Community Guidelines.

Details: